Revista de Badalona
Descripción Física:
2 vols. ; fotografies b/n ; periodicitat: setmanal (1941-set. 1975), bimestral (set. 1975-1976) ; 32 cm
Idioma:
Español
MARC
| LEADER | 00000nas a2200000 a 4500 | ||
|---|---|---|---|
| 001 | 28214 | ||
| 003 | AGDB | ||
| 005 | 20260324175237.0 | ||
| 008 | 160829s9999 xx 000 0 cat d | ||
| 017 | |a B 1384-1960 | ||
| 040 | |a agdb |b cat | ||
| 041 | |a spa | ||
| 245 | |a Revista de Badalona | ||
| 246 | |a Reforma de Badalona |i Continuada per: | ||
| 260 | |a [Badalona : |b Delegación Provincial de Prensa del Movimento ; |c 1941-1976] | ||
| 300 | |a 2 vols. ; |b fotografies b/n ; periodicitat: setmanal (1941-set. 1975), bimestral (set. 1975-1976) ; |c 32 cm | ||
| 310 | |a Setamanal ; Bimestral | ||
| 362 | |a [Año 1, no.1 (20 sept. 1941)-año 36, no. 1842 (8 sept. 1976)] | ||
| 500 | |a Descripció basada en: 1967 (1418) | ||
| 508 | |a Editada posteriorment per: FET y de las J.O.N.S. | ||
| 650 | |a Badalona |x Revistes |9 22941 | ||
| 655 | 0 | |9 55823 |a Revistes | |
| 866 | |a 1967 (Dia de la província 20 oct., Supl. 1418) | ||
| 901 | |a Arxiu | ||
| 942 | |n 1 |2 udc |c REV | ||
| 952 | |0 0 |1 0 |4 0 |6 REV2291 |7 1 |9 42385 |a Arxiu |b Arxiu |d 2016-12-01 |h Núm. 19 octubre 1968 + Núm. especial 20 octubre 1968 (dia de la provinca) |o Rev-2291 |p 28214 |r 2016-12-01 00:00:00 |w 2016-12-01 |y ARXIU | ||
| 999 | |c 44868 |d 44868 | ||